| 000 | 01043cam a22002891 4500 | ||
|---|---|---|---|
| 001 | 4624 | ||
| 003 | BD-RjUL | ||
| 005 | 20211208233927.0 | ||
| 008 | 160727r19561955nyuab b 001 0 eng | ||
| 035 | _a(BD-RjUL)4659 | ||
| 035 | _a(OCoLC)230018 | ||
| 040 |
_aDLC _cODaWU _dOCoLC _dDLC _dBD-RjUL _beng |
||
| 041 | _aeng | ||
| 082 |
_a338.91 _bBUA 1955-1958 |
||
| 100 | 1 |
_aBuchanan, Norman S. _q(Norman Sharpe), _d1905-1958. _99537 |
|
| 245 | 1 | 0 |
_aApproaches to economic development / _cNorman S. Buchanan and Howard S. Ellis. |
| 260 |
_aNew York : _bTwentieth Century Fund, _cc1955 [Reprinted 1958]. |
||
| 300 |
_axiv, 494 p. : _bill. ; _c23 cm. |
||
| 504 | _aBibliographical footnotes and index. | ||
| 650 | 0 |
_aEconomic policy. _914587 |
|
| 651 | 0 |
_aDeveloping countries. _914588 |
|
| 700 | 1 |
_aEllis, Howard Sylvester, _d1898- _ejoint author. _911864 |
|
| 740 | 0 | _aEconomic development. | |
| 856 | _uhttp://www.worldcat.org/title/approaches-to-economic-development/oclc/230018&referer=brief_results | ||
| 942 |
_2ddc _cBK |
||
| 999 |
_c4624 _d4624 |
||